• 首页
  • 本馆介绍
  • 公告通知
  • 最新文献
  • 馆藏检索
  • 电子资源
  • 读者导购
  • 参考咨询
  • 我的图书馆
  • 登录
  • 详细信息显示
  • 放入我的书架
  • 预约/预借图书
  • 作者相关作品
  • 分类相关作品
  • 丛书相关作品
  • 出版社相关作品

书目信息

  • 表格格式
  • 工作单格式
  • 卡片格式
题名:
钏影楼回忆录
    
 
作者: 包天笑 著
分册:  
出版信息: 北京   中国大百科全书出版社  2009
页数: 628页
开本: 23cm
丛书名: 回忆录丛书
单 册:
中图分类: K825.6=73
科图分类:
主题词: 作家--回忆录--中国--现代
电子资源:
ISBN: 978-7-5000-7974-3
000 00864nam0 2200265 450
001 339928
005 20150604164438.76
010    @a978-7-5000-7974-3@dCNY76.00
100    @a20090213d2009 em y0chiy50 ea
101 0  @achi
102    @aCN@b110000
105    @ay z 000yd
106    @ar
200 1  @a钏影楼回忆录@Achuan ying lou hui yi lu@f包天笑著
210    @a北京@c中国大百科全书出版社@d2009
215    @a628页@d23cm
225 1  @a回忆录丛书
330    @a本书是包天笑的晚年回忆。以极真挚的感情记录了自己和亲友的奇言异行, 通过一些细行末节来表现他们既平常、又独特的个性, 反映了那个时代的风貌。
410  0 @12001 @a回忆录丛书
606 0  @a作家@x回忆录@y中国@z现代
610 0  @a包天笑(1876-1973)
690    @aK825.6=73@v5
701  0 @a包天笑@Abao tian xiao@f(1876.2 1973.10)@4著
801  0 @aCN@b卓展宏图@c20150525
905    @dK825.6=73@e783BT@f5
    
    钏影楼回忆录/包天笑著.-北京:中国大百科全书出版社,2009
    628页;23cm.-(回忆录丛书)
    
    
    ISBN 978-7-5000-7974-3:CNY76.00
    本书是包天笑的晚年回忆。以极真挚的感情记录了自己和亲友的奇言异行, 通过一些细行末节来表现他们既平常、又独特的个性, 反映了那个时代的风貌。
●
相关链接 在E读中查询图书 在五车中查询图书 在当当中查询图书 在豆瓣中查询图书


正题名:钏影楼回忆录     索取号:K825.6=73/783BT         预约/预借

序号 登录号 条形码 馆藏地/架位号 状态 备注
1 854946   208549463   第二样本阅览室/ [索取号:K825.6=73/783BT] 在馆    
2 854947   208549472   第二借阅区/ [索取号:K825.6=73/783BT] 在馆    
3 854948   208549481   第二借阅区/ [索取号:K825.6=73/783BT] 在馆    
4 854949   208549490   第二借阅区/ [索取号:K825.6=73/783BT] 在馆    
5 854950   208549506   第二借阅区/ [索取号:K825.6=73/783BT] 在馆    
唐山师范学院图书馆 欢迎您!
大连网信软件有限公司© 版权所有